Repetitorium technische Mechanik.Teil II. : Festigkeitslehre /

Salvato in:
Dettagli Bibliografici
Autore principale: Demmig, Richard (Autore)
Natura: Libro
Lingua:tedesco
Pubblicazione: Nauheim : Demmig, 1991
Edizione:13.preprac.vyd.
Tags: Aggiungi Tag
Nessun Tag, puoi essere il primo ad aggiungerne!!

MARC

LEADER 00000nam a22000003a 4500
001 stu27518
005 20150617225741.5
008 940420s1991----gw------------------ger-d
020 |a 3-921092-70-1 
040 |a STU  |b slo 
041 0 |a ger 
044 |a gw 
080 |a 539.3/.4  |7 stu_us_auth*stu8140 
100 1 |a Demmig, Richard  |4 aut 
245 1 |a Repetitorium technische Mechanik.Teil II. :  |b Festigkeitslehre /  |c [aut]Demmig,Richard 
250 |a 13.preprac.vyd. 
260 |a Nauheim :  |b Demmig,  |c 1991 
300 |a 187 s 
996 |c V*42480/O-18170 II.  |l VV14  |s P  |a 0  |w stu27518_0001